[Event "POL-chT3 Kujawsko Pomorskie 1314"]
[Site "Poland"]
[Date "2014.??.??"]
[Round "7.2"]
[White "Halas, Przemyslaw"]
[Black "Grochowalski, Pawel"]
[Result "0-1"]
[WhiteElo "1963"]
[BlackElo "2073"]
[PlyCount "86"]
[EventDate "2013.11.03"]
[EventType "team-tourn"]
[EventRounds "11"]
[EventCountry "POL"]
[SourceTitle "EXT 2015"]
[Source "ChessBase"]
[SourceDate "2014.11.20"]
[SourceVersion "1"]
[SourceVersionDate "2014.11.20"]
[SourceQuality "1"]
[WhiteTeam "Bydgoszcz SSz Pocztowiec"]
[BlackTeam "Wloclawek 1938"]
[WhiteTeamCountry "POL"]
[BlackTeamCountry "POL"]

1. e4 c6 2. d4 d5 3. Nc3 dxe4 4. Nxe4 Bf5 5. Ng3 Bg6 6. Nf3 Nd7 7. h4 h6 8. h5 Bh7 9. Bd3 Bxd3 10. Qxd3 e6 11. Bf4 Qa5+ 12. Bd2 Bb4 13. Ne4 Bxd2+ 14. Nfxd2 Ke7 15. c3 Ngf6 16. b4 Qc7 17. Rb1 Rhd8 18. Qf3 Nxe4 19. Nxe4 Nf6 20. Nxf6 gxf6 21. Qe3 Rg8 22. g3 Rg5 23. f4 Rg4 24. Kf2 Rag8 25. Rhg1 Qd7 26. c4 a6 27. Rbd1 Qd6 28. d5 cxd5 29. cxd5 e5 30. Rc1 Kd7 31. Rge1 exf4 32. Qd3 fxg3+ 33. Kg1 R4g5 34. Qf3 Qb6+ 35. Rc5 Qxb4 36. Rcc1 Qd4+ 37. Qe3 Qxe3+ 38. Rxe3 Rxd5 39. Rec3 g2 40. Rc7+ Kd6 41. Rxb7 Rxh5 42. Kf2 g1Q+ 43. Rxg1 Rf5+ 0-1

[Event "POL-chT3 1112"]
[Site "Poland"]
[Date "2012.04.01"]
[Round "10.15"]
[White "Halas, Przemyslaw"]
[Black "Drozdowski, Konrad"]
[Result "1/2-1/2"]
[WhiteElo "2090"]
[BlackElo "1854"]
[PlyCount "103"]
[EventDate "2011.11.06"]
[EventType "team-tourn"]
[EventRounds "11"]
[EventCountry "POL"]
[SourceTitle "EXT 2015"]
[Source "ChessBase"]
[SourceDate "2014.11.20"]
[SourceVersion "1"]
[SourceVersionDate "2014.11.20"]
[SourceQuality "1"]
[WhiteTeam "Inowroclaw OSIR Pozkal"]
[BlackTeam "Grudziadz Rotmistrz III"]
[WhiteTeamCountry "POL"]
[BlackTeamCountry "POL"]

1. d4 d5 2. c4 dxc4 3. e4 Nf6 4. e5 Nd5 5. Bxc4 Nb6 6. Bb3 Nc6 7. Ne2 Bf5 8. Be3 e6 9. Nbc3 Nb4 10. 0-0 h6 11. Nf4 c6 12. g4 Bh7 13. f3 Qd7 14. Rc1 Be7 15. Qd2 0-0 16. Ne4 N4d5 17. Nc5 Qc8 18. Nh5 Nxe3 19. Qxe3 Rd8 20. Ne4 Bxe4 21. fxe4 Bg5 22. Qf2 Qd7 23. Rcd1 Qe7 24. Kg2 Rd7 25. Nf6+ Bxf6 26. exf6 Qxf6 27. Qxf6 gxf6 28. Rxf6 Rad8 29. Rdf1 Re7 30. Rxh6 Rxd4 31. Kf3 Kg7 32. Rh5 Nc4 33. Bxc4 Rxc4 34. Ke3 Rd7 35. Rg5+ Kf8 36. Rf2 Rcd4 37. Rh5 Rd1 38. Rh6 Re1+ 39. Kf3 Rd4 40. Kg2 Rdxe4 41. h3 R4e2 42. Rh8+ Kg7 43. Rb8 Rxf2+ 44. Kxf2 Ra1 45. Rxb7 Rxa2 46. Kf3 Ra5 47. Kf4 Kg6 48. h4 Ra1 49. Rc7 Rf1+ 50. Kg3 Rg1+ 51. Kf3 Rf1+ 52. Kg3 1/2-1/2

[Event "POL-chT3 Kujawsko Pomorskie 1011"]
[Site "Poland"]
[Date "2011.04.11"]
[Round "10.23"]
[White "Kaczmarczyk, Pawel"]
[Black "Halas, Przemyslaw"]
[Result "0-1"]
[WhiteElo "1615"]
[BlackElo "2088"]
[PlyCount "76"]
[EventDate "2010.11.07"]
[EventType "team-tourn"]
[EventRounds "11"]
[EventCountry "POL"]
[SourceTitle "EXT 2019"]
[Source "ChessBase"]
[SourceDate "2018.10.10"]
[SourceVersion "1"]
[SourceVersionDate "2018.10.10"]
[SourceQuality "1"]

1. e4 e5 2. Nf3 Nc6 3. d4 exd4 4. c3 d3 5. Bxd3 Bc5 6. h3 d6 7. Nbd2 a6 8. Nc4 Nge7 9. Bf4 Ng6 10. Bg3 b5 11. Ncd2 Nce5 12. Nb3 Bb6 13. Nbd4 Nxd3+ 14. Qxd3 Be6 15. Qd2 Qd7 16. 0-0 0-0 17. Rfe1 Rad8 18. Qc2 c5 19. Ne2 f5 20. Nf4 Nxf4 21. Bxf4 h6 22. h4 Qc6 23. e5 Bd5 24. e6 Rde8 25. Qd2 Rf6 26. e7 Bxf3 27. gxf3 Rg6+ 28. Kh2 Qxf3 29. Rg1 Rxg1 30. Rxg1 Rxe7 31. Rg3 Qe4 32. Bxd6 Re6 33. Bf4 c4 34. Qd7 Re7 35. Qc8+ Kh7 36. Be3 Bc7 37. Qf8 f4 38. f3 fxg3+ 0-1

[Event "Pieczyska op"]
[Site "Pieczyska"]
[Date "2007.06.25"]
[Round "3"]
[White "Zolnierowicz, Krzysztof"]
[Black "Halas, Przemyslaw"]
[Result "1/2-1/2"]
[WhiteElo "2253"]
[BlackElo "2081"]
[PlyCount "81"]
[EventDate "2007.06.23"]
[EventType "swiss"]
[EventRounds "9"]
[EventCountry "POL"]
[SourceTitle "EXT 2008"]
[Source "ChessBase"]
[SourceDate "2007.11.25"]
[SourceVersion "1"]
[SourceVersionDate "2007.11.25"]
[SourceQuality "1"]

1. e4 e5 2. Nf3 Nc6 3. Nc3 Nf6 4. Bb5 Nd4 5. Ba4 Bc5 6. Nxe5 0-0 7. 0-0 d6 8. Nd3 Bb6 9. Kh1 c6 10. Nf4 Bc7 11. d3 b5 12. Bb3 a5 13. a4 b4 14. Nce2 Nxb3 15. cxb3 d5 16. f3 Re8 17. Be3 Bb7 18. Rc1 Qd7 19. Bd4 Qe7 20. Bxf6 Qxf6 21. Nxd5 cxd5 22. Rxc7 Ba6 23. Qc2 dxe4 24. dxe4 Rad8 25. Rc6 Bd3 26. Qc1 Qh4 27. Re1 Bxe2 28. Rxe2 Rd3 29. Rd2 Qd8 30. Rxd3 Qxd3 31. h3 h6 32. Qc4 Qe2 33. Rc7 Rf8 34. Qd4 Qd2 35. Qd5 Qxb2 36. e5 Qb1+ 37. Kh2 Qb2 38. Ra7 Qc1 39. e6 Qf4+ 40. g3 Qe3 41. Rxf7 1/2-1/2

[Event "Pieczyska op"]
[Site "Pieczyska"]
[Date "2007.06.23"]
[Round "1"]
[White "Karpinski, Bartlomiej"]
[Black "Halas, Przemyslaw"]
[Result "0-1"]
[WhiteElo "1804"]
[BlackElo "2081"]
[PlyCount "92"]
[EventDate "2007.06.23"]
[EventType "swiss"]
[EventRounds "9"]
[EventCountry "POL"]
[SourceTitle "EXT 2008"]
[Source "ChessBase"]
[SourceDate "2007.11.25"]
[SourceVersion "1"]
[SourceVersionDate "2007.11.25"]
[SourceQuality "1"]

1. e4 e5 2. Nf3 Nc6 3. Bb5 f5 4. d3 fxe4 5. dxe4 Nf6 6. Bg5 Bc5 7. 0-0 d6 8. Bxc6+ bxc6 9. c4 0-0 10. Nc3 Qe8 11. h3 Qg6 12. Kh2 Nxe4 13. Nxe4 Qxe4 14. b3 Qg6 15. Qd2 h6 16. Be3 Bxe3 17. Qxe3 c5 18. Rg1 Bb7 19. Nd2 Rf4 20. f3 Rd4 21. Raf1 Qc2 22. Rf2 Qxa2 23. b4 Qc2 24. bxc5 Qd3 25. Qxd3 Rxd3 26. cxd6 cxd6 27. Rb1 Bc6 28. Nf1 a5 29. Rd2 Rxd2 30. Nxd2 Kf7 31. Rb6 Rc8 32. Nb3 a4 33. Na5 Bd7 34. Rxd6 Rc7 35. Ra6 Ke7 36. Kg3 Rc5 37. Kf2 Bc8 38. Ra7+ Kd6 39. Nb7+ Bxb7 40. Rxb7 Ra5 41. Ke3 a3 42. Rb1 Kc5 43. Kd3 a2 44. Ra1 Kb4 45. c5 Kb3 46. c6 Kb2 0-1

[Event "POL-chT Region 0607"]
[Site "Poland"]
[Date "2007.02.04"]
[Round "7"]
[White "Halas, Przemyslaw"]
[Black "Bartuszynski, Czeslaw"]
[Result "1-0"]
[WhiteElo "2081"]
[BlackElo "1800"]
[PlyCount "51"]
[EventDate "2006.11.12"]
[EventType "team"]
[EventRounds "11"]
[EventCountry "POL"]
[SourceTitle "EXT 2008"]
[Source "ChessBase"]
[SourceDate "2007.11.25"]
[SourceVersion "1"]
[SourceVersionDate "2007.11.25"]
[SourceQuality "1"]

1. d4 Nf6 2. c4 e5 3. Nf3 e4 4. Nfd2 c6 5. Nc3 d5 6. e3 Be7 7. Be2 0-0 8. 0-0 h6 9. f3 exf3 10. Bxf3 dxc4 11. Nxc4 Nbd7 12. e4 b5 13. Ne3 b4 14. Ne2 Nb6 15. Ng3 g6 16. e5 Nfd5 17. Nxd5 Nxd5 18. Bxh6 Re8 19. Qd2 Bb7 20. Bg4 f5 21. Nxf5 gxf5 22. Bxf5 Bf8 23. Rf3 Bc8 24. Rg3+ Kh8 25. Bxf8 Bxf5 26. Qh6+ 1-0

[Event "Chojnice op-A 2nd"]
[Site "Chojnice"]
[Date "2006.??.??"]
[Round "9"]
[White "Halas, Przemyslaw"]
[Black "Kubicki, Marek"]
[Result "1/2-1/2"]
[WhiteElo "2077"]
[BlackElo "2170"]
[PlyCount "24"]
[EventDate "2006.07.??"]
[EventType "swiss"]
[EventRounds "9"]
[EventCountry "POL"]
[SourceTitle "EXT 2007"]
[Source "ChessBase"]
[SourceDate "2006.11.23"]
[SourceVersion "1"]
[SourceVersionDate "2006.11.23"]
[SourceQuality "1"]

1. d4 a6 2. h3 d6 3. e4 h5 4. Nf3 Nh6 5. Bd2 Nd7 6. Bc3 b5 7. Nbd2 Bb7 8. b3 c5 9. Bb2 cxd4 10. Nxd4 e5 11. N4f3 Be7 12. Bd3 Nc5 1/2-1/2

[Event "Chojnice op-A 2nd"]
[Site "Chojnice"]
[Date "2006.??.??"]
[Round "3"]
[White "Halas, Przemyslaw"]
[Black "Myzyk, Jan"]
[Result "0-1"]
[WhiteElo "2077"]
[BlackElo "2176"]
[PlyCount "86"]
[EventDate "2006.07.??"]
[EventType "swiss"]
[EventRounds "9"]
[EventCountry "POL"]
[SourceTitle "EXT 2007"]
[Source "ChessBase"]
[SourceDate "2006.11.23"]
[SourceVersion "1"]
[SourceVersionDate "2006.11.23"]
[SourceQuality "1"]

1. d4 Nf6 2. c4 g6 3. Nc3 Bg7 4. e4 d6 5. Nf3 0-0 6. Be2 Nc6 7. 0-0 e5 8. d5 Ne7 9. Ne1 Ne8 10. g4 f5 11. f3 f4 12. Bd2 g5 13. b4 Rf7 14. c5 Bf8 15. Nd3 Nf6 16. cxd6 cxd6 17. Be1 h5 18. h3 Rh7 19. Kg2 Ng6 20. Rg1 Bd7 21. Rc1 Be7 22. Bf2 hxg4 23. hxg4 Nh4+ 24. Kf1 Qe8 25. Nc5 dxc5 26. bxc5 Bd8 27. Qb3 Ba5 28. d6+ Kh8 29. Nd5 Bd8 30. Rh1 Bc6 31. Be1 Qd7 32. Bc3 Ng6 33. Kg2 Rxh1 34. Rxh1+ Kg7 35. Qb2 Qe8 36. Kf1 Nxd5 37. exd5 Bxd5 38. Kf2 Bf6 39. Rd1 Qc6 40. Qb4 a6 41. Rc1 Rh8 42. Rf1 Nf8 43. Ke1 Nd7 0-1

[Event "Chojnice op-A 2nd"]
[Site "Chojnice"]
[Date "2006.??.??"]
[Round "6"]
[White "Halas, Przemyslaw"]
[Black "Zielinski, Olgierd"]
[Result "1-0"]
[WhiteElo "2077"]
[BlackElo "1991"]
[PlyCount "113"]
[EventDate "2006.07.??"]
[EventType "swiss"]
[EventRounds "9"]
[EventCountry "POL"]
[SourceTitle "EXT 2007"]
[Source "ChessBase"]
[SourceDate "2006.11.23"]
[SourceVersion "1"]
[SourceVersionDate "2006.11.23"]
[SourceQuality "1"]

1. d4 c5 2. d5 e5 3. e4 d6 4. Bd3 Be7 5. c3 Bg5 6. Nf3 Bxc1 7. Qxc1 a6 8. a4 Bg4 9. Nfd2 Bh5 10. Nc4 g5 11. a5 f6 12. Nbd2 Qc7 13. Nb6 Ra7 14. h4 g4 15. Ndc4 Kd8 16. Qe3 Be8 17. h5 Bb5 18. Rh4 Bxc4 19. Bxc4 Nd7 20. Rxg4 Nxb6 21. axb6 Qxb6 22. b4 Qc7 23. bxc5 Ra8 24. c6 Rb8 25. Qa7 Ne7 26. Rg7 Rg8 27. h6 Ke8 28. Bxa6 Rxg7 29. hxg7 Kf7 30. Bxb7 Kxg7 31. Qe3 Kf7 32. Qh3 Kg7 33. Ke2 Qb6 34. Rd1 Rd8 35. Qe6 Ng6 36. g3 Qb2+ 37. Rd2 Qxc3 38. Qg4 Qc4+ 39. Ke1 Qc5 40. Qd1 Rf8 41. Qc2 Qb6 42. Kf1 Ne7 43. Qb2 Qc7 44. Kg2 Ng6 45. Ba6 Rb8 46. Qc3 Ne7 47. Rb2 Rb6 48. Be2 Rxb2 49. Qxb2 Nxc6 50. Qc3 Qa5 51. Qxc6 Qb4 52. Qd7+ Kg8 53. Qg4+ Kf8 54. Ba6 Qd2 55. Bc8 Qg5 56. Qxg5 fxg5 57. f4 1-0

[Event "Chojnice op-A 2nd"]
[Site "Chojnice"]
[Date "2006.??.??"]
[Round "5"]
[White "Murawski, Wieslaw"]
[Black "Halas, Przemyslaw"]
[Result "1/2-1/2"]
[WhiteElo "2142"]
[BlackElo "2077"]
[PlyCount "107"]
[EventDate "2006.07.??"]
[EventType "swiss"]
[EventRounds "9"]
[EventCountry "POL"]
[SourceTitle "EXT 2007"]
[Source "ChessBase"]
[SourceDate "2006.11.23"]
[SourceVersion "1"]
[SourceVersionDate "2006.11.23"]
[SourceQuality "1"]

1. e4 e5 2. Nf3 Nc6 3. d4 exd4 4. Nxd4 Qh4 5. Nc3 Bb4 6. Ndb5 Nf6 7. Be2 Ba5 8. 0-0 Nxe4 9. Nd5 0-0 10. Nbxc7 Rb8 11. Bf4 d6 12. Nb5 Be6 13. Bf3 Bxd5 14. Qxd5 Qxf4 15. Qxe4 Qe5 16. Qxe5 dxe5 17. Rad1 a6 18. Nd6 Nd4 19. Be4 b5 20. c3 Bc7 21. Nb7 Ne6 22. Rd7 Bb6 23. Rfd1 Nd8 24. Kf1 g6 25. R1d6 Nxb7 26. Bxb7 Rfd8 27. Rxd8+ Bxd8 28. Bxa6 Bg5 29. Rd5 Bc1 30. Rxe5 Bxb2 31. Rxb5 Rxb5 32. Bxb5 Bxc3 33. Ke2 Kf8 34. Kd3 Be1 35. f3 Ke7 36. a4 Kd6 37. Kc4 h5 38. Be8 Ke7 39. Bc6 h4 40. h3 Kd6 41. Kb5 g5 42. Be4 Kc7 43. a5 f6 44. a6 Bf2 45. Kc4 Kd6 46. Kd3 Ke5 47. Bb7 Ba7 48. Bc8 Bg1 49. Kc4 Kd6 50. f4 Kc7 51. Bb7 Be3 52. f5 Kb6 53. Kd5 Bc1 54. Ke6 1/2-1/2

[Event "POL-chT 2nd League"]
[Site "Wysowa"]
[Date "2005.09.02"]
[Round "7.77"]
[White "Flazinski, Jozef"]
[Black "Halas, Przemyslaw"]
[Result "1-0"]
[WhiteElo "2010"]
[BlackElo "2098"]
[PlyCount "73"]
[EventDate "2005.08.27"]
[EventType "team-swiss"]
[EventRounds "9"]
[EventCountry "POL"]
[SourceTitle "EXT 2019"]
[Source "ChessBase"]
[SourceDate "2018.10.10"]
[SourceVersion "1"]
[SourceVersionDate "2018.10.10"]
[SourceQuality "1"]
[WhiteTeam "Wegrow SRSDiM"]
[BlackTeam "Swiecie Gambit"]
[WhiteTeamCountry "POL"]
[BlackTeamCountry "POL"]

1. e4 e5 2. Nf3 Nc6 3. d4 exd4 4. Nxd4 Qh4 5. Nb5 Bc5 6. Qe2 Nd4 7. Nxd4 Bxd4 8. g3 Qe7 9. Bg2 Nf6 10. c3 Bb6 11. e5 Ng8 12. 0-0 Qe6 13. Re1 Ne7 14. Nd2 0-0 15. Nc4 Nc6 16. a4 a5 17. Nxb6 cxb6 18. Bf4 Re8 19. Qb5 Ne7 20. Rad1 Ng6 21. Bg5 Nxe5 22. f4 Qg4 23. h3 Qxg3 24. Rxe5 Rxe5 25. Qxe5 h6 26. Qe8+ Kh7 27. Qe4+ Kg8 28. Rd3 Qxd3 29. Qxd3 hxg5 30. fxg5 d6 31. Qxd6 Be6 32. Bxb7 Rf8 33. g6 Bxh3 34. gxf7+ Kxf7 35. Bd5+ Ke8 36. Qg6+ Kd8 37. Qxb6+ 1-0

[Event "POL-chT 2nd League"]
[Site "Wysowa"]
[Date "2005.09.01"]
[Round "6.59"]
[White "Halas, Przemyslaw"]
[Black "Sobczak, Miroslaw"]
[Result "0-1"]
[WhiteElo "2098"]
[BlackElo "2058"]
[PlyCount "78"]
[EventDate "2005.08.27"]
[EventType "team-swiss"]
[EventRounds "9"]
[EventCountry "POL"]
[SourceTitle "EXT 2019"]
[Source "ChessBase"]
[SourceDate "2018.10.10"]
[SourceVersion "1"]
[SourceVersionDate "2018.10.10"]
[SourceQuality "1"]
[WhiteTeam "Swiecie Gambit"]
[BlackTeam "Gniezno LKS Chrobry"]
[WhiteTeamCountry "POL"]
[BlackTeamCountry "POL"]

1. d4 Nf6 2. c4 c5 3. d5 b5 4. e4 d6 5. f3 bxc4 6. Bxc4 g6 7. Nc3 Bg7 8. Nge2 0-0 9. 0-0 Nbd7 10. Rb1 Ne5 11. b3 Rb8 12. Bd2 Nfd7 13. Bb5 Qb6 14. Kh1 Ba6 15. Bxa6 Qxa6 16. Nc1 Nb6 17. f4 Ned7 18. Qe2 Qb7 19. f5 Ne5 20. Nd3 Nxd3 21. Qxd3 c4 22. Qe2 cxb3 23. Rxb3 Qc7 24. Qd3 Nd7 25. Nb5 Qb6 26. Be3 Qa5 27. Nxa7 Qxa2 28. Rxb8 Rxb8 29. Nc6 Rb3 30. Qd2 Rb2 31. Qe1 Rxg2 32. Qh4 Qe2 33. Re1 Rxh2+ 34. Qxh2 Qxe1+ 35. Qg1 Qh4+ 36. Kg2 Qxe4+ 37. Kf1 Qxf5+ 38. Ke2 Bf6 39. Qg2 Ne5 0-1

[Event "POL-chT 2nd League"]
[Site "Wysowa"]
[Date "2003.09.10"]
[Round "6"]
[White "Halas, Przemyslaw"]
[Black "Sciborowski, Miroslaw"]
[Result "1/2-1/2"]
[WhiteElo "2158"]
[BlackElo "2153"]
[PlyCount "44"]
[EventDate "2003.09.06"]
[EventType "team-swiss"]
[EventRounds "11"]
[EventCountry "POL"]
[SourceTitle "CBM 096 Extra"]
[Source "ChessBase"]
[SourceDate "2003.10.22"]
[SourceVersion "2"]
[SourceVersionDate "2003.10.20"]
[SourceQuality "1"]
[WhiteTeam "Swiecie Gambit"]
[BlackTeam "Znin Baszta"]
[WhiteTeamCountry "POL"]
[BlackTeamCountry "POL"]

1. d4 Nf6 2. c4 g6 3. Nc3 Bg7 4. e4 d6 5. Nf3 0-0 6. Be2 e5 7. 0-0 Nc6 8. d5 Ne7 9. Ne1 Nd7 10. Be3 f5 11. f3 f4 12. Bf2 g5 13. Nb5 a6 14. Na7 h5 15. Nxc8 Qxc8 16. b4 a5 17. a3 Nf6 18. c5 Ng6 19. cxd6 cxd6 20. Rc1 Qd7 21. Bb6 axb4 22. axb4 Rfc8 1/2-1/2